[Event "Tournoi Skype 030B"]
[Site "Skype"]
[Date "????.??.??"]
[Round "3.37"]
[White "Moumtaz, Abderrahim"]
[Black "Torres, Vicky"]
[Result "1-0"]
[WhiteElo "1213"]
[BlackElo "1034"]
[PlyCount "83"]

1. d4 Nf6 2. c4 e6 3. Nf3 d5 4. Nc3 c5 5. Bg5 Be7 6. e3 O-O 7. Bd3 Ne4 8. Bxe7
Qxe7 9. Nxe4 dxe4 10. Bxe4 cxd4 11. Qxd4 Qb4+ 12. Qc3 Qxc3+ 13. bxc3 Nc6 14.
O-O e5 15. Bxc6 bxc6 16. Nxe5 Bb7 17. c5 Rac8 18. Rfd1 Rfe8 19. Nf3 Re4 20. Rd7
Rb8 21. Rb1 h6 22. Rbxb7 Rxb7 23. Rxb7 Ra4 24. Rb2 Rc4 25. Rb3 Rxc5 26. Nd4 a5
27. Rb6 Rxc3 28. h3 c5 29. Nb5 Rc1+ 30. Kh2 Rc2 31. Rb8+ Kh7 32. a4 Rxf2 33.
Ra8 Re2 34. Rxa5 Rxe3 35. Nd6 Ra3 36. Nxf7 c4 37. Ne5 c3 38. Rc5 g6 39. Rc7+
Kg8 40. Nxg6 c2 41. Rxc2 Rxa4 42. Rc7 1-0

[Event "Tournoi Skype 030B"]
[Site "Skype"]
[Date "????.??.??"]
[Round "3.38"]
[White "Ibanez, Bittor"]
[Black "Fouques Duparc, Paulin"]
[Result "0-1"]
[WhiteElo "1080"]
[BlackElo "1207"]
[PlyCount "96"]

1. e4 Nf6 2. e5 Nd5 3. c4 Nb6 4. c5 Nd5 5. d4 d6 6. Bc4 e6 7. Nf3 Nc6 8. O-O
dxc5 9. Bxd5 exd5 10. Bg5 Be7 11. Qd2 Be6 12. Bxe7 Qxe7 13. Qg5 Rg8 14. Qxe7+
Nxe7 15. dxc5 c6 16. Nd4 O-O-O 17. f4 Nf5 18. Rd1 Nxd4 19. Rxd4 f5 20. Nc3 g5
21. b4 gxf4 22. b5 f3 23. g3 Rg4 24. bxc6 Rxd4 25. cxb7+ Kxb7 26. Rb1+ Kc6 27.
a4 Rc4 28. Nb5 Rd7 29. Nd6 Rxc5 30. Rb5 Rxb5 31. Nxb5 d4 32. Kf2 Bd5 33. Nxd4+
Kc5 34. Nxf5 Kb4 35. Nd4 Kxa4 36. e6 Re7 37. h4 Bxe6 38. Kxf3 Rf7+ 39. Ke3 h5
40. Ke4 Bg4 41. Nc6 a5 42. Nd4 Kb4 43. Ke3 a4 44. Nc2+ Kb3 45. Nd4+ Kb2 46. Nb5
a3 47. Kd2 a2 48. Nc3 a1=Q 0-1

[Event "Tournoi Skype 030B"]
[Site "Skype"]
[Date "????.??.??"]
[Round "3.39"]
[White "Bland, Marilyn"]
[Black "Milanese, Serge"]
[Result "0-1"]
[WhiteElo "1034"]
[BlackElo "1202"]
[PlyCount "62"]

1. d4 Nf6 2. Nf3 d5 3. e3 e6 4. Be2 c6 5. O-O Nbd7 6. c3 Be7 7. Nbd2 O-O 8. c4
b6 9. cxd5 cxd5 10. b3 Bb7 11. Bb2 Rc8 12. Rc1 Rxc1 13. Qxc1 Qb8 14. Bb5 Rc8
15. Qb1 Nf8 16. Rc1 a6 17. Bd3 N6d7 18. Nf1 Bf6 19. Ba3 b5 20. Bb2 e5 21. dxe5
Nxe5 22. Bf5 Nxf3+ 23. gxf3 Rxc1 24. Bxc1 g6 25. Bg4 h5 26. Bh3 Nh7 27. f4 Qd6
28. Bg2 Qe6 29. Qd3 Bh4 30. Qe2 Nf6 31. Qf3 Ng4 0-1

[Event "Tournoi Skype 030B"]
[Site "Skype"]
[Date "????.??.??"]
[Round "3.41"]
[White "Baratta, Giuseppe"]
[Black "Quiel, Aristoteles"]
[Result "0-1"]
[WhiteElo "1000"]
[BlackElo "1196"]
[PlyCount "120"]

1. d4 d5 2. Nc3 f5 3. Bf4 c6 4. e3 Nf6 5. Nf3 e6 6. Ne5 Be7 7. Be2 Nbd7 8. Bh5+
g6 9. Nxg6 hxg6 10. Bxg6+ Kf8 11. O-O Rg8 12. Bh6+ Rg7 13. Bxg7+ Kxg7 14. Bxf5
exf5 15. Qf3 Qh8 16. Qg3+ Kf7 17. Ne2 Nf8 18. Nf4 Bd6 19. Qh3 Qg8 20. Nh5 f4
21. Qh4 Nxh5 22. Qxh5+ Ng6 23. exf4 Bxf4 24. Qf3 Kg7 25. Rae1 Kh8 26. Qh5+ Kg7
27. g3 Bc7 28. Qg5 Bd6 29. Re3 Bd7 30. Rfe1 Re8 31. f4 Rxe3 32. Rxe3 Kh8 33.
Qh6+ Qh7 34. Qxh7+ Kxh7 35. f5 Bxf5 36. h4 Be4 37. h5 Ne7 38. c4 Nf5 39. Rb3
Nxd4 40. Rxb7+ Kh6 41. g4 Nf3+ 42. Kf2 Ne5 43. g5+ Kxh5 44. cxd5 cxd5 45. Rxa7
Bc5+ 46. Kg3 Bxa7 47. Kf4 Ng6+ 48. Kg3 d4 49. Kf2 d3+ 50. Ke1 d2+ 51. Kxd2 Bd4
52. b4 Kxg5 53. b5 Ne5 54. a4 Nc4+ 55. Kc1 Kf4 56. Kd1 Ke3 57. Ke1 Bc3+ 58. Kd1
Kd3 59. Kc1 Ke2 60. b6 Bb2# 0-1

[Event "Tournoi Skype 030B"]
[Site "Skype"]
[Date "????.??.??"]
[Round "3.42"]
[White "Yepez, German"]
[Black "Franco Flores, Ximena"]
[Result "1-0"]
[WhiteElo "1181"]
[BlackElo "1000"]
[PlyCount "76"]

1. e4 e5 2. Nf3 Nc6 3. Bc4 Nf6 4. Ng5 d5 5. exd5 Nxd5 6. Qf3 Qxg5 7. Bxd5 f6 8.
Bxc6+ Bd7 9. Bxd7+ Kxd7 10. Qxb7 Rd8 11. O-O Bd6 12. d3 Qh5 13. g3 g5 14. Nc3
Rb8 15. Qg2 f5 16. b3 f4 17. g4 Qh4 18. Ne4 Rhf8 19. f3 h5 20. Qf2 Qxf2+ 21.
Rxf2 hxg4 22. fxg4 Bc5 23. Nxc5+ Kc6 24. Ne4 a5 25. a4 Rh8 26. Rf3 Rh4 27. h3
Rbh8 28. Nxg5 Kd6 29. Nf7+ Ke7 30. Nxh8 Rxh8 31. Bb2 Ke6 32. Kg2 c5 33. Re1 Re8
34. Rxe5+ Kd7 35. Rxe8 Kxe8 36. Be5 Ke7 37. Rxf4 Ke6 38. Bc7 Kd5 1-0

[Event "Tournoi Skype 030B"]
[Site "Skype"]
[Date "????.??.??"]
[Round "3.44"]
[White "Llabres, Sergio"]
[Black "Garcia Arzola, Antonio"]
[Result "1-0"]
[WhiteElo "1176"]
[BlackElo "1000"]
[PlyCount "117"]

1. d4 d5 2. Nf3 Nf6 3. e3 Nc6 4. a3 g6 5. b3 Bg7 6. Bb2 O-O 7. Nbd2 Bf5 8. Bd3
Ne4 9. Ne5 Nxf2 10. Kxf2 Nxe5 11. dxe5 e6 12. Nf3 c5 13. h3 Qc7 14. c4 f6 15.
exf6 Bxf6 16. Bxf6 Rxf6 17. Bxf5 Rxf5 18. Rc1 d4 19. e4 Rf7 20. Qd2 Qe5 21.
Rce1 Rd8 22. Qd3 h5 23. Rhg1 h4 24. Ke2 Qg3 25. Kd1 a6 26. e5 b5 27. cxb5 axb5
28. Qxb5 d3 29. Qxc5 d2 30. Re2 Rfd7 31. Rxd2 Rxd2+ 32. Nxd2 Qd3 33. Qc2 Qg3
34. Qc7 Qxb3+ 35. Qc2 Qxa3 36. Qxg6+ Kh8 37. Qf6+ Kh7 38. Qxd8 Qa1+ 39. Kc2
Qxg1 40. Qxh4+ Kg6 41. g4 Qc5+ 42. Kd1 Qxe5 43. Qf2 Qd5 44. h4 e5 45. Qf5+ Kg7
46. h5 Qf7 47. Qxe5+ Qf6 48. h6+ Kg6 49. Qh5+ Kh7 50. g5 Qg6 51. Qg4 Kg8 52.
Qg3 Kf7 53. Qh4 Ke7 54. Qb4+ Ke6 55. Qe4+ Kf7 56. Qxg6+ Kxg6 57. Ne4 Kh7 58.
Ke2 Kg6 59. Kf3 1-0

[Event "Tournoi Skype 030B"]
[Site "Skype"]
[Date "????.??.??"]
[Round "3.45"]
[White "Resende, Paulo"]
[Black "De Nobrega, George"]
[Result "1-0"]
[WhiteElo "1000"]
[BlackElo "1166"]
[PlyCount "123"]

1. e4 e5 2. Nf3 Nc6 3. Bb5 d6 4. O-O Bd7 5. c3 Nf6 6. d4 a6 7. Ba4 Nxe4 8. dxe5
Nxe5 9. Nxe5 dxe5 10. Bxd7+ Qxd7 11. Qxd7+ Kxd7 12. Re1 Nf6 13. Rxe5 Bd6 14.
Rg5 Rae8 15. Be3 g6 16. Nd2 Kc8 17. Nc4 Be7 18. Rg3 Nd5 19. Bd4 Rhg8 20. Rd1
Rd8 21. Rgd3 Rge8 22. Be5 Nf6 23. Rxd8+ Bxd8 24. Bxf6 Bxf6 25. Kf1 b5 26. Ne3
Re4 27. Re1 Bg7 28. f3 Re6 29. Nc2 Rd6 30. Ke2 Bh6 31. Rd1 Re6+ 32. Kf2 Kb7 33.
Rd7 Rd6 34. Rxd6 cxd6 35. g3 Kb6 36. f4 Kc5 37. Ke3 Bg7 38. Kd3 a5 39. g4 b4
40. cxb4+ axb4 41. a3 Bxb2 42. axb4+ Kb5 43. Ke4 f6 44. Kd5 h5 45. h3 Bc1 46.
f5 gxf5 47. gxf5 Bf4 48. Na3+ Kxb4 49. Nc4 Kb5 50. Nxd6+ Kb6 51. Ne8 Be5 52.
Ke6 Kc6 53. Nxf6 Bxf6 54. Kxf6 Kd7 55. Kg7 Ke7 56. f6+ Ke8 57. f7+ Kd7 58. f8=Q
Ke6 59. Qh8 Ke5 60. Qxh5+ Ke4 61. Kf7 Ke3 62. h4 1-0

[Event "Tournoi Skype 030B"]
[Site "Skype"]
[Date "????.??.??"]
[Round "3.46"]
[White "Valencia Gutierrez, Victor Hugo"]
[Black "Talwalkar, Omkar Sameer"]
[Result "0-1"]
[WhiteElo "1000"]
[BlackElo "1149"]
[PlyCount "66"]

1. d4 d5 2. Nc3 Nf6 3. Nf3 Bf5 4. Bf4 e6 5. e4 Nxe4 6. Ne5 Bb4 7. a3 Nxc3 8.
bxc3 Bxc3+ 9. Bd2 Bxa1 10. Qh5 O-O 11. Be2 Bxd4 12. O-O Bxe5 13. Bd3 Bxd3 14.
cxd3 Nc6 15. f4 Bd4+ 16. Kh1 Qf6 17. f5 Rfe8 18. Bg5 Qe5 19. f6 gxf6 20. h3
Qxg5 21. Qf3 f5 22. g3 Ne5 23. Qf4 Qxf4 24. Rxf4 Be3 25. Rf1 Nxd3 26. Rf3 Nf2+
27. Kg2 Bb6 28. Rf4 Kh8 29. h4 Rg8 30. h5 Rg5 31. h6 Rag8 32. Rh4 Rxg3+ 33. Kh2
Rg2# 0-1

[Event "Tournoi Skype 030B"]
[Site "Skype"]
[Date "????.??.??"]
[Round "3.47"]
[White "Ortis, Yves"]
[Black "Mfengu, Daluthando"]
[Result "0-1"]
[WhiteElo "1148"]
[BlackElo "1000"]
[PlyCount "44"]

1. c4 c5 2. d4 e6 3. e3 Nc6 4. Nf3 Nf6 5. Nc3 Be7 6. g3 O-O 7. Bd3 cxd4 8. exd4
Bb4 9. Bd2 d5 10. a3 Bd6 11. O-O e5 12. c5 Bh3 13. Re1 Nxd4 14. Nxd4 exd4 15.
cxd6 dxc3 16. Bxc3 Qxd6 17. Bb4 Qc6 18. Rc1 Qd7 19. Re7 Qg4 20. f3 Qd4+ 21. Kh1
Qf2 22. Qg1 Qxf3+ 0-1

[Event "Tournoi Skype 030B"]
[Site "Skype"]
[Date "????.??.??"]
[Round "3.48"]
[White "Vervoort, Jean-Louis"]
[Black "Radice, Marco"]
[Result "1-0"]
[WhiteElo "1273"]
[BlackElo "1000"]
[PlyCount "99"]

1. d4 Nf6 2. Bf4 e6 3. c3 b6 4. e3 Bb7 5. Nd2 Be7 6. Qc2 O-O 7. O-O-O Na6 8.
Ngf3 c5 9. Bd3 cxd4 10. exd4 Nc7 11. Ng5 g6 12. h4 Ncd5 13. Be5 Re8 14. Bxf6
Bxf6 15. Nde4 Nf4 16. Nxf6+ Qxf6 17. g3 Nxd3+ 18. Qxd3 Bxh1 19. Rxh1 Qxf2 20.
h5 Qf5 21. Qxf5 exf5 22. hxg6 fxg6 23. Nxh7 Kg7 24. Ng5 Rh8 25. Re1 Rae8 26.
Rd1 Re2 27. Nf3 Rh3 28. Ng1 Rxb2 29. Kxb2 Rh2+ 30. Kb3 Rh1 31. a4 g5 32. Re1
Kf6 33. Rf1 d5 34. c4 dxc4+ 35. Kxc4 Ke6 36. Re1+ Kd6 37. d5 a6 38. Re6+ Kd7
39. Ne2 b5+ 40. axb5 axb5+ 41. Kxb5 Rb1+ 42. Kc5 Rb7 43. Rc6 Ke7 44. d6+ Kd7
45. Nd4 Rb8 46. Rc7+ Ke8 47. d7+ Ke7 48. Nc6+ Ke6 49. Nxb8 Ke7 50. Rc8 1-0

[Event "Tournoi Skype 030B"]
[Site "Skype"]
[Date "????.??.??"]
[Round "3.49"]
[White "Ruiz Gomez, Luz Alba"]
[Black "Latterra, Jeremias"]
[Result "0-1"]
[WhiteElo "1192"]
[BlackElo "1006"]
[PlyCount "174"]

1. d4 d5 2. Nf3 Nf6 3. Bf4 Bf5 4. e3 g6 5. Bd3 Qd7 6. Ne5 Qd8 7. Bxf5 gxf5 8.
Nd2 Nbd7 9. O-O Nxe5 10. Bxe5 Nd7 11. Bg3 f6 12. Qg4 fxg4 13. c4 h5 14. Bf4 Nb6
15. b3 e5 16. dxe5 fxe5 17. Bxe5 Rg8 18. Rac1 Qg5 19. Bf4 Qh4 20. Bg3 Qf6 21.
Bxc7 Bd6 22. Bxb6 Bxh2+ 23. Kxh2 Qd6+ 24. Kg1 Qxb6 25. cxd5 h4 26. Ne4 h3 27.
Rfd1 hxg2 28. Kxg2 Qh6 29. Rh1 Qg7 30. Kf1 Ke7 31. Rc7+ Kf8 32. Rxg7 Rxg7 33.
d6 Kf7 34. Ke2 Rc8 35. d7 Rd8 36. Rd1 Ke6 37. Nc5+ Ke7 38. e4 g3 39. fxg3 Rg5
40. Nd3 Rxd7 41. Rc1 Rxg3 42. Ne5 Rg2+ 43. Ke3 Rdd2 44. Rc7+ Kf6 45. Nf3 Rde2+
46. Kd3 Rxa2 47. Rxb7 Rgf2 48. Nd4 Rfd2+ 49. Kc4 Ke5 50. Nb5 Rac2+ 51. Kb4 Kxe4
52. Re7+ Kd5 53. Nxa7 Rd4+ 54. Kb5 Rb2 55. Rd7+ Ke4 56. Re7+ Kd3 57. Nc6 Rxb3+
58. Kc5 Rc3+ 59. Kb5 Rd5+ 60. Kb6 Kc4 61. Ne5+ Kb4 62. Nc6+ Ka4 63. Re4+ Kb3
64. Rb4+ Kc2 65. Nd4+ Kd3 66. Nc6 Rd6 67. Rd4+ Rxd4 68. Nxd4 Kxd4 69. Kb5 Rc5+
70. Kb6 Kc4 71. Kb7 Rh5 72. Kb6 Rg5 73. Kb7 Kc5 74. Ka6 Kc4 75. Kb7 Rg6 76. Kc7
Kd5 77. Kd7 Ke5 78. Ke7 Re6+ 79. Kd7 Kf6 80. Kc7 Ke7 81. Kb7 Kd7 82. Kb8 Rc6
83. Kb7 Kd6 84. Kb8 Rc7 85. Ka8 Kc6 86. Kb8 Rh7 87. Ka8 Kb6 0-1

[Event "Tournoi Skype 030B"]
[Site "Skype"]
[Date "????.??.??"]
[Round "3.51"]
[White "Castanha, Marco"]
[Black "Rodriguez, Nathalie"]
[Result "1-0"]
[WhiteElo "1000"]
[BlackElo "1127"]
[PlyCount "61"]

1. e4 Nc6 2. Nf3 e5 3. Bc4 Nf6 4. d3 h6 5. Nbd2 Bc5 6. O-O d6 7. c3 O-O 8. Re1
Na5 9. Bb3 Nxb3 10. axb3 a6 11. d4 Ba7 12. Nf1 Re8 13. Ng3 exd4 14. cxd4 Bd7
15. d5 Ng4 16. Be3 Nxe3 17. fxe3 Qf6 18. Qc2 c6 19. b4 cxd5 20. exd5 Bxe3+ 21.
Kh1 Rac8 22. Nh5 Qd8 23. Qd3 Bb5 24. Qb3 Bc4 25. Qa3 Bxd5 26. Rxe3 Rxe3 27.
Qxe3 Bxf3 28. Qxf3 f6 29. Qxb7 Kf8 30. Qxg7+ Ke8 31. Re1+ 1-0

[Event "Tournoi Skype 030B"]
[Site "Skype"]
[Date "????.??.??"]
[Round "3.52"]
[White "Delgado Abate, Bryan Xavier"]
[Black "Onafeko, Dammie"]
[Result "1-0"]
[WhiteElo "1109"]
[BlackElo "1000"]
[PlyCount "61"]

1. d4 d5 2. f4 f6 3. Nf3 e6 4. Nc3 c6 5. e4 dxe4 6. Nxe4 Ne7 7. Bc4 Nf5 8. O-O
b5 9. Bb3 Be7 10. Re1 a6 11. Nc5 Bxc5 12. dxc5 O-O 13. Qxd8 Rxd8 14. Bd2 Re8
15. g4 Nh6 16. h3 Nf7 17. f5 h6 18. Nd4 Nd8 19. fxe6 Bxe6 20. Nxe6 Nxe6 21.
Rxe6 Rxe6 22. Bxe6+ Kf8 23. Re1 Ra7 24. Bf4 Nd7 25. Bd6+ Ke8 26. Bxd7+ Kxd7 27.
Re7+ Kc8 28. Rxa7 g5 29. Rc7+ Kd8 30. Rxc6 Kd7 31. Rxa6 1-0

[Event "Tournoi Skype 030B"]
[Site "Skype"]
[Date "????.??.??"]
[Round "3.53"]
[White "Achicanoy, Yolanda"]
[Black "Guillaume, Mickael"]
[Result "0-1"]
[WhiteElo "1000"]
[BlackElo "1106"]
[PlyCount "66"]

1. e4 e5 2. Bc4 Nf6 3. Nf3 Nc6 4. d3 Bc5 5. a3 O-O 6. O-O d5 7. exd5 Nxd5 8.
Nbd2 Bf5 9. Re1 Re8 10. Nb3 Bb6 11. Bg5 f6 12. Bh4 Kh8 13. Qd2 a5 14. a4 Ba7
15. Bg3 Nb6 16. Nh4 Nxc4 17. Qc3 Nd6 18. Kh1 Qd7 19. Nd2 b5 20. axb5 Nxb5 21.
Qc4 Nd6 22. Qa2 Nb4 23. Qb1 e4 24. Qd1 exd3 25. Rc1 dxc2 26. Qh5 Rxe1+ 27. Rxe1
Nd3 28. Re8+ Rxe8 29. h3 Nxf2+ 30. Kh2 c1=Q 31. Bxf2 Bxf2 32. Ndf3 Bxh4 33.
Qxh4 Qxb2 0-1

[Event "Tournoi Skype 030B"]
[Site "Skype"]
[Date "????.??.??"]
[Round "3.54"]
[White "Koohnavard, Neda"]
[Black "Linares Vernet, Ana"]
[Result "1/2-1/2"]
[WhiteElo "1000"]
[BlackElo "1140"]
[PlyCount "107"]

1. e4 e5 2. Nf3 Nc6 3. Bb5 a6 4. Ba4 b5 5. Bb3 Na5 6. Bd5 c6 7. Bxf7+ Kxf7 8.
Nxe5+ Ke8 9. Qh5+ g6 10. Qf3 Qf6 11. d4 Qxf3 12. Nxf3 Bg7 13. c3 Ne7 14. Bf4
Nb7 15. Nbd2 d6 16. O-O Rf8 17. g3 Ng8 18. Rfe1 Ke7 19. Bg5+ Bf6 20. e5 Bxg5
21. Nxg5 h6 22. exd6+ Kxd6 23. Nge4+ Kd7 24. Nf3 Kc7 25. Ne5 g5 26. b4 Bf5 27.
c4 Nf6 28. Nxf6 Rxf6 29. Rac1 Nd8 30. d5 bxc4 31. Rxc4 Bd7 32. Nxd7 Kxd7 33.
dxc6+ Rxc6 34. Rd1+ Rd6 35. Rdd4 Rxd4 36. Rxd4+ Ke7 37. Re4+ Ne6 38. f4 Rd8 39.
f5 Rd6 40. fxe6 Rxe6 41. Rc4 Kd7 42. Kf2 Rc6 43. Rd4+ Rd6 44. Rc4 Rc6 45. Re4
Re6 46. Re2 Rxe2+ 47. Kxe2 Kd6 48. Kd3 Kd5 49. a4 Ke5 50. b5 axb5 51. axb5 Kd5
52. Kc3 Kc5 53. h3 Kxb5 54. Kd4 1/2-1/2

[Event "Tournoi Skype 030B"]
[Site "Skype"]
[Date "????.??.??"]
[Round "3.55"]
[White "Dodi, Roberto"]
[Black "Montilla Bejarano, Mey"]
[Result "0-1"]
[WhiteElo "1000"]
[BlackElo "1116"]
[PlyCount "35"]

1. e4 d5 2. exd5 Qxd5 3. Nc3 Qa5 4. d4 c6 5. Nf3 Nf6 6. Bc4 Bf5 7. O-O Nbd7 8.
Re1 O-O-O 9. Be3 e5 10. Bg5 Be7 11. Qd2 Qc7 12. dxe5 Nd5 13. Bxe7 Nxe7 14. Rad1
Nxe5 15. Nxe5 Rxd2 16. Rxd2 Bg6 17. a4 Rd8 18. Rb1 0-1

[Event "Tournoi Skype 030B"]
[Site "Skype"]
[Date "????.??.??"]
[Round "3.57"]
[White "Homme, Jim"]
[Black "Elvira Sanchez, Adalberto"]
[Result "1-0"]
[WhiteElo "1100"]
[BlackElo "1000"]
[PlyCount "49"]

1. e4 Nc6 2. Nf3 d6 3. Bc4 Nf6 4. O-O Nxe4 5. Re1 Nf6 6. d4 g6 7. Nc3 Bg7 8.
Bf4 Bg4 9. Qe2 O-O 10. Rad1 Bxf3 11. Qxf3 e5 12. dxe5 Nd7 13. Qg3 dxe5 14. Be3
Re8 15. Qf3 Qe7 16. Nd5 Qd8 17. Nc3 Qf6 18. Qxf6 Bxf6 19. Nd5 Bg7 20. Nxc7 Rac8
21. Nxe8 Rxe8 22. Rxd7 b6 23. Bxf7+ Kf8 24. Bxe8 Kxe8 25. Rxg7 1-0

[Event "Tournoi Skype 030B"]
[Site "Skype"]
[Date "????.??.??"]
[Round "3.58"]
[White "Gerbaux, Regis"]
[Black "Gagnon, Sindy"]
[Result "1-0"]
[WhiteElo "1075"]
[BlackElo "1000"]
[PlyCount "55"]

1. e4 e5 2. Nf3 Nf6 3. d3 d6 4. c3 Nc6 5. Nbd2 Be6 6. d4 Be7 7. d5 Nxd5 8. exd5
Bxd5 9. Bc4 Be6 10. Qb3 Qd7 11. Bxe6 fxe6 12. Qxb7 Rb8 13. Qa6 Rb6 14. Qa4 O-O
15. Nc4 Rbb8 16. Na5 Rf4 17. Bxf4 exf4 18. Qxc6 Qc8 19. Qc4 d5 20. Qxf4 e5 21.
Nxe5 Rxb2 22. Nac6 Bc5 23. Qf7+ Kh8 24. O-O Rb6 25. Qxd5 Rb5 26. Nf7+ Kg8 27.
Nd6+ Kf8 28. Qf7# 1-0

[Event "Tournoi Skype 030B"]
[Site "Skype"]
[Date "????.??.??"]
[Round "3.60"]
[White "Marroquin Mayhua, Silvia"]
[Black "Baker, Abi"]
[Result "0-1"]
[WhiteElo "1000"]
[BlackElo "1023"]
[PlyCount "76"]

1. d4 d5 2. Nc3 Nc6 3. e3 e5 4. Nge2 Bb4 5. g3 Bxc3+ 6. Nxc3 Nf6 7. Bg2 e4 8.
O-O Bg4 9. Qd2 O-O 10. Ne2 Qd7 11. Re1 Rae8 12. Nf4 Bf3 13. h3 Bxg2 14. Kxg2
Qf5 15. Qe2 Re7 16. b3 Ne8 17. Ba3 Nd6 18. c4 dxc4 19. bxc4 f6 20. Qg4 Qg5 21.
d5 Ne5 22. Qxg5 fxg5 23. Rf1 gxf4 24. exf4 Nf3 25. c5 Nc4 26. d6 cxd6 27. Bb4
Rd7 28. Rad1 d5 29. h4 d4 30. c6 Rc7 31. Bxf8 Rxc6 32. Rb1 Rg6 33. Rxb7 Nxh4+
34. Kh3 Rh6 35. Rxg7+ Kxf8 36. Rxa7 Nf3+ 37. Kg4 Rg6+ 38. Kf5 Nd6# 0-1

[Event "Tournoi Skype 030B"]
[Site "Skype"]
[Date "????.??.??"]
[Round "3.61"]
[White "Hernandez, Ivan"]
[Black "Jacinto Sebastian, Carlos Ivan"]
[Result "1-0"]
[WhiteElo "1016"]
[BlackElo "1000"]
[PlyCount "67"]

1. e4 c5 2. Nf3 d6 3. d4 Qa5+ 4. c3 cxd4 5. Nxd4 e5 6. Bb5+ Nd7 7. O-O a6 8.
Bxd7+ Bxd7 9. Nf5 O-O-O 10. Nxd6+ Kb8 11. Nxf7 Bc5 12. Nxh8 Nf6 13. Nf7 Re8 14.
Be3 Ng4 15. Qxd7 Rc8 16. Nd2 Nxe3 17. fxe3 Bxe3+ 18. Kh1 Qb6 19. Qd6+ Qc7 20.
Nc4 Ka7 21. Nxe3 Qc6 22. Qxe5 g5 23. Rf6 Qe8 24. Qxe8 Rxe8 25. Re1 Rxe4 26. Nd6
Re7 27. Nc8+ Ka8 28. Nxe7 h5 29. N3d5 g4 30. Nb6+ Kb8 31. Nc6+ Kc7 32. Na8+ Kd7
33. Rd1+ Ke8 34. Rd8# 1-0

[Event "Tournoi Skype 030B"]
[Site "Skype"]
[Date "????.??.??"]
[Round "3.62"]
[White "Molina, Maria Lucia"]
[Black "Grib, Jessica"]
[Result "0-1"]
[WhiteElo "1000"]
[BlackElo "1012"]
[PlyCount "52"]

1. d4 Nf6 2. Nc3 e6 3. Bf4 d5 4. e4 dxe4 5. Bc4 Bb4 6. Nge2 c5 7. O-O Qe7 8.
Nb5 e5 9. Bxe5 Nfd7 10. Nc7+ Kf8 11. Nxa8 Nxe5 12. dxe5 Qg5 13. Qd5 Be6 14.
Qd8+ Qxd8 15. Bxe6 fxe6 16. c3 Ba5 17. Nf4 Ke7 18. Rad1 Qc7 19. Rd2 Qxe5 20.
Rfd1 e3 21. Rd8 exf2+ 22. Kxf2 Qxf4+ 23. Ke1 Qe3+ 24. Kf1 Rf8+ 25. Rxf8 Kxf8
26. Rd8+ Bxd8 0-1

[Event "Tournoi Skype 030B"]
[Site "Skype"]
[Date "????.??.??"]
[Round "3.63"]
[White "Barajas, Nestor"]
[Black "Lai, Mattia"]
[Result "1-0"]
[WhiteElo "1007"]
[BlackElo "1000"]
[PlyCount "57"]

1. e4 c6 2. Nf3 d5 3. exd5 cxd5 4. d4 Bf5 5. Be3 e6 6. Bd3 Bd6 7. Bxf5 exf5 8.
Qd2 Nd7 9. Nc3 Ngf6 10. O-O Ng4 11. Bf4 Ndf6 12. Rae1+ Ne4 13. Nxe4 fxe4 14. h3
h5 15. Bxd6 Qxd6 16. Re2 O-O 17. hxg4 exf3 18. gxf3 hxg4 19. fxg4 Rad8 20. Qg5
f6 21. Qg6 Qd7 22. f3 Qb5 23. Rh2 Rfe8 24. Rh7 Qd7 25. Kg2 Re2+ 26. Kg3 Qd6+
27. f4 Re3+ 28. Rf3 Qe6 29. Qxg7# 1-0

[Event "Tournoi Skype 030B"]
[Site "Skype"]
[Date "????.??.??"]
[Round "3.64"]
[White "Fuentes, Francisco"]
[Black "Samudio Villarreal, Eduardo"]
[Result "0-1"]
[WhiteElo "1005"]
[BlackElo "1000"]
[PlyCount "94"]

1. e4 d5 2. exd5 c6 3. Nc3 cxd5 4. d4 e6 5. Nf3 Nc6 6. Be3 Qa5 7. Bd2 Qb6 8.
Bd3 a6 9. O-O Nf6 10. Be3 Qb4 11. Ne5 Be7 12. Nxc6 bxc6 13. Ne2 Qxb2 14. Rb1
Qxa2 15. Rb6 Qa5 16. Rxc6 Bd7 17. Rc3 O-O 18. Rb3 Bb5 19. Bd2 Qb6 20. h3 Qc6
21. Ba5 Rfc8 22. Qe1 Rab8 23. Qc3 Qb7 24. Qd2 Qc6 25. Re1 Bd6 26. Qc3 Qa8 27.
Qd2 Qc6 28. Nc3 Bxd3 29. Rxb8 Rxb8 30. cxd3 Rb3 31. Ne2 Qb5 32. Bc3 g6 33. Qc2
a5 34. Kf1 a4 35. Nc1 Ne4 36. Nxb3 axb3 37. Qb2 Qxd3+ 38. Kg1 Nxc3 39. Qxb3
Ne2+ 40. Kf1 Ng3+ 41. Kg1 Ne2+ 42. Kf1 Ng3+ 43. Kg1 Qxb3 44. f3 Qc3 45. Rd1 Kg7
46. Kf2 Qc2+ 47. Ke1 Qe2# 0-1

[Event "Tournoi Skype 030B"]
[Site "Skype"]
[Date "????.??.??"]
[Round "3.65"]
[White "Wildt, Gerti"]
[Black "Vasquez Donaire, Ivis Godofredo"]
[Result "0-1"]
[WhiteElo "1000"]
[BlackElo "1003"]
[PlyCount "38"]

1. e4 e5 2. Nf3 Nc6 3. Bc4 Nf6 4. d4 Bb4+ 5. c3 Ba5 6. O-O O-O 7. Re1 Re8 8.
Ng5 d5 9. Bb3 h6 10. Nf3 Bg4 11. Nbd2 Qc8 12. a3 Bb6 13. h3 Bxh3 14. g3 exd4
15. cxd4 Nxd4 16. Ba4 Rf8 17. e5 Qg4 18. exf6 Nxf3+ 19. Nxf3 Qxg3+ 0-1

[Event "Tournoi Skype 030B"]
[Site "Skype"]
[Date "????.??.??"]
[Round "4.1"]
[White "Barrera Mendoza, Carlos"]
[Black "Abdulrazzaq, Mohsen"]
[Result "1-0"]
[WhiteElo "1166"]
[BlackElo "1346"]
[PlyCount "99"]

1. e4 c5 2. Nc3 Nc6 3. f4 e6 4. Nf3 a6 5. Bc4 Nf6 6. d3 d5 7. Bb3 dxe4 8. Nxe4
Nxe4 9. dxe4 Qxd1+ 10. Kxd1 b5 11. c3 c4 12. Bc2 e5 13. f5 Bc5 14. Ke2 Bb7 15.
Be3 Be7 16. Rad1 O-O 17. g4 Rad8 18. Bb6 Rxd1 19. Rxd1 f6 20. Rd7 Ba8 21. h4
Bd8 22. Bc5 Re8 23. g5 Be7 24. Bxe7 Nxe7 25. Ra7 Nc6 26. Rxa6 Bb7 27. Rb6 Ba8
28. Rxb5 Rb8 29. Rxb8+ Nxb8 30. Nd2 Na6 31. Nxc4 Nc5 32. Ke3 Kf8 33. b4 Nb7 34.
Nb6 Nd6 35. Nxa8 Nb5 36. Kd3 Ke7 37. a4 Na7 38. Nc7 Kd7 39. Nd5 fxg5 40. hxg5
h5 41. f6 Ke8 42. fxg7 Kf7 43. g8=Q+ Kxg8 44. Nf6+ Kf7 45. Nxh5 Kg6 46. Nf6
Kxg5 47. Nd7 Nc6 48. b5 Na7 49. Nxe5 Kf6 50. b6 1-0

[Event "Tournoi Skype 030B"]
[Site "Skype"]
[Date "????.??.??"]
[Round "4.2"]
[White "Lago Carballo, Maria Del Carmen"]
[Black "Conde, Carmen"]
[Result "1-0"]
[WhiteElo "1294"]
[BlackElo "1166"]
[PlyCount "99"]

1. e4 e5 2. Nf3 Nf6 3. Nxe5 Nxe4 4. Qe2 d5 5. d3 Nd6 6. Ng6+ Be6 7. Nxh8 Nc6 8.
Nxf7 Nxf7 9. Qxe6+ Qe7 10. Qxe7+ Bxe7 11. c3 h6 12. Be2 O-O-O 13. Bg4+ Kb8 14.
O-O g6 15. Re1 h5 16. Bf3 Nfe5 17. Be2 h4 18. d4 Nd7 19. Bb5 Bd6 20. Bxc6 bxc6
21. Nd2 g5 22. Nb3 g4 23. Na5 Rg8 24. Nxc6+ Kb7 25. Ne5 Nf6 26. Bf4 Ne4 27. Be3
g3 28. h3 a6 29. f3 Nf6 30. a4 a5 31. Rac1 c5 32. Nd3 c4 33. Ne5 Bc7 34. Rb1
Bd6 35. b3 cxb3 36. Rxb3+ Kc7 37. Reb1 Kd8 38. Rb5 Bc7 39. Nc6+ Kd7 40. Nxa5
Re8 41. Re1 Ra8 42. Nb3 Kc6 43. Rc5+ Kb6 44. a5+ Kb7 45. Kf1 Bd6 46. Rb5+ Kc6
47. Rb6+ Kc7 48. a6 Nd7 49. Rb7+ Kc6 50. Na5# 1-0

[Event "Tournoi Skype 030B"]
[Site "Skype"]
[Date "????.??.??"]
[Round "4.3"]
[White "Rosenkoetter, David"]
[Black "Roman, Sylvian"]
[Result "1-0"]
[WhiteElo "1143"]
[BlackElo "1284"]
[PlyCount "155"]

1. e4 e5 2. Nf3 Nc6 3. Bc4 Bc5 4. c3 Nf6 5. d3 d6 6. O-O Bg4 7. a4 a5 8. Re1
Be6 9. Bxe6 fxe6 10. Be3 Ba7 11. Bxa7 Rxa7 12. Nbd2 O-O 13. Qb3 Nd7 14. Nf1 Nc5
15. Qc2 Ra8 16. d4 exd4 17. cxd4 Na6 18. Qb3 Nab4 19. Qxe6+ Rf7 20. Rec1 Nd3
21. Rc2 Nf4 22. Qb3 Nb4 23. Rd2 Qf6 24. Ng3 Kh8 25. Rad1 Rff8 26. e5 dxe5 27.
dxe5 Qe6 28. Qe3 Nfd5 29. Qe4 Rf4 30. Qxh7+ Kxh7 31. Ng5+ Kh6 32. Nxe6 Rc4 33.
Nf5+ Kg6 34. Nexg7 Rf8 35. h4 Nf4 36. g3 Nh5 37. Nxh5 Rxf5 38. Nf4+ Kh6 39. Rd8
Rxe5 40. Rg8 Kh7 41. Rg6 Re7 42. Kg2 Nc2 43. Rd5 Kh8 44. Ne6 Re4 45. Rd8+ Kh7
46. Nf8+ Kh8 47. Ne6+ Kh7 48. h5 R4xe6 49. Rgg8 Ne1+ 50. Kh3 Nf3 51. Rh8+ Kg7
52. Rdg8+ Kf7 53. Rf8+ Kg7 54. h6+ Rxh6+ 55. Rxh6 Kxh6 56. Rxf3 Kg7 57. Rf4 Re6
58. g4 c6 59. b4 b6 60. bxa5 bxa5 61. f3 Rd6 62. Rc4 Rh6+ 63. Kg3 Rh1 64. Rxc6
Ra1 65. Rc4 Kf6 66. Kf4 Ra3 67. g5+ Kf7 68. Rc7+ Kg6 69. Rc6+ Kg7 70. Rc4 Kg6
71. Kg4 Ra1 72. Rc6+ Kg7 73. Kf5 Rxa4 74. Rg6+ Kf7 75. Rf6+ Kg7 76. g6 Ra3 77.
f4 Rb3 78. Rf7+ 1-0

[Event "Tournoi Skype 030B"]
[Site "Skype"]
[Date "????.??.??"]
[Round "4.4"]
[White "Morales Terreros, Jose Luis"]
[Black "Prieto, Jairo Ovidio"]
[Result "1-0"]
[WhiteElo "1000"]
[BlackElo "1277"]
[PlyCount "29"]

1. e4 e5 2. Bc4 Nf6 3. Nf3 d6 4. Ng5 d5 5. exd5 Nxd5 6. d3 Be7 7. Nxf7 Kxf7 8.
Qf3+ Ke6 9. Nc3 c6 10. O-O Rf8 11. Qe4 Bb4 12. d4 Nd7 13. Nxd5 cxd5 14. Qxd5+
Ke7 15. Qe6# 1-0